Movies Quiz

Random Movies or Year Quiz

2011 Movies by Poster Quiz Stats

 Plays Quiz Updated Oct 7, 2016

Challenge
Share
Tweet
Score 0/20 Timer 05:00
9 Plays Today
Hint Answer % Correct
Bridesmaids
89.5%
The Smurfs
88.4%
Thor
87.6%
Rango
79.1%
Harry Potter and the Deathly Hallows: Part 2
78.7%
The Help
78%
The Girl with the Dragon Tattoo
73.2%
Moneyball
72.1%
Transformers: Dark of the Moon
69.2%
Fast Five
69%
Hint Answer % Correct
War Horse
68.2%
We Bought a Zoo
60.8%
Paul
58.7%
Limitless
58.4%
Hugo
57.6%
The Artist
56.5%
X-Men: First Class
53.8%
The Descendants
35.8%
Hanna
34.3%
Crazy, Stupid, Love
32.7%

You're not logged in!

Compare scores with friends on all Sporcle quizzes.
Join for Free
OR
Log In

You Might Also Like...

Show Comments

Extras

Top Quizzes Today


Score Distribution

Your Account Isn't Verified!

In order to create a playlist on Sporcle, you need to verify the email address you used during registration. Go to your Sporcle Settings to finish the process.

Report this User

Report this user for behavior that violates our Community Guidelines.

Details: